000 02526cam a2200457 a 4500
001 2088934
005 20210414114130.0
008 950920s1996 nyua b 001 0 eng c
010 _a 95039129
020 _a0471148474 (acidfree paper)
040 _aDNLM/DLC
_cDLC
_dDLC
050 0 0 _aRC455.4.S67K54
060 1 0 _aHM 132 K47c 1996
082 0 0 _a155.2
_220
100 1 _aKiesler, Donald J.
245 1 0 _aContemporary interpersonal theory and research :personality, psychopathology, and psychotherapy. /
_cDonald J. Kiesler.
246 1 8 _aContemporary interpersonal theory & research
260 _aNew York :
_bWiley,
_c1996.
300 _axviii, 398 p. :
_bill. ;
_c26 cm.
440 0 _a[Wiley series in clinical psychology and personality]
500 _aSeries statement from jacket.
504 _aIncludes bibliographical references (p. 323-372) and indexes.
505 _aContents: Personality and psychopathology: Overt interpersonal behavior and the interpersonal circle -- Interpersonal behavior: moderating factors and other issues -- Covert components of interpersonal behavior -- Interpersonal behavior and our bids for complementarity -- Measurement of the covert complementary response -- Maladjusted interpersonal behavior -- Diagnosis, psychotheraphy and supervision: Interpersonal assessment and diagnosis -- A Vocabulary for interpersonal interventions -- The Relationship in psychotherapy -- Interpersonal communication interventions -- Interperosnal communication interventions -- Interpersonal communication supervision and the parallel process.
650 0 _aSocial adjustment.
650 0 _aInterpersonal relations.
650 0 _aAdjustment disorders.
650 0 _aPsychotherapy.
650 0 _aObject relations (Psychoanalysis)
650 0 _aPsychotherapist and patient.
650 1 2 _aInterpersonal Relations.
650 2 2 _aPersonality.
650 2 2 _aSocial Behavior.
650 2 2 _aPersonality Disorders.
650 2 2 _aPsychotherapy.
856 4 2 _3Contributor biographical information
_uhttp://www.loc.gov/catdir/bios/wiley042/95039129.html
856 4 2 _3Publisher description
_uhttp://www.loc.gov/catdir/description/wiley033/95039129.html
856 4 _3Table of Contents
_uhttp://www.loc.gov/catdir/toc/onix04/95039129.html
906 _a7
_bcbc
_corignew
_d1
_eocip
_f19
_gy-gencatlg
942 _2lcc
_cBK
999 _c2180
_d9680